Trastornos de la conducta en el niño
Gardado en:
| Main Authors: | , |
|---|---|
| Formato: | Libro |
| Idioma: | Lingua castelá |
| Publicado: |
Ciudad de México
El Manual Moderno
1981
|
| Edición: | 2a. ed |
| Subjects: | |
| Tags: |
Engadir etiqueta
Sen Etiquetas, Sexa o primeiro en etiquetar este rexistro!
|
MARC
| LEADER | 00000nam a2200000 a 4500 | ||
|---|---|---|---|
| 001 | UCY6157 | ||
| 003 | CL-VaPUC | ||
| 008 | 950521e19810000MX |||||||||||||||||spa|d | ||
| 082 | 0 | 4 | |a 155.418 |b CLA |2 21 |
| 100 | 0 | |a Clarizio, Harvey F |e author |9 335915 | |
| 700 | 0 | |a McCoy, George F |e author |9 335916 | |
| 245 | 1 | 0 | |a Trastornos de la conducta en el niño |
| 250 | |a 2a. ed | ||
| 300 | |a 697 p | ||
| 942 | |c BK | ||
| 945 | |d 19950521 00:00:00 |a cmena | ||
| 260 | |a Ciudad de México |b El Manual Moderno |c 1981 | ||
| 650 | 0 | |a Psicología |9 257863 | |
| 650 | 0 | |a Niños |9 255605 | |
| 650 | 0 | |a Trastornos del comportamiento |9 311363 | |
| 650 | 0 | |a Aprendizaje |9 254827 | |
| 650 | 0 | |a Fobias |9 335917 | |
| 650 | 0 | |a Delincuencia juvenil |9 311188 | |
| 650 | 0 | |a Desarrollo mental |9 313003 | |
| 650 | 7 | |a CONDICION SOCIAL |2 CL-VaPUC |9 335103 | |
| 650 | 0 | |a Psicoanálisis |9 265702 | |
| 583 | |a last modification |c 19950521 00:00:00 |k Rodrigo Vera | ||
| 999 | |c 233737 |d 233735 | ||
| 952 | |0 0 |1 0 |4 0 |6 155_418000000000000_CLA_1981 |7 0 |8 P |9 239449 |a BIBEDU |b BIBEDU |c BIBEDU_PB |d 2019-11-18 |i 1507079 |o 155.418 CLA 1981 |p 1507079 |r 2024-01-25 |w 2019-11-18 |y BK |k EDU | ||